Operating system concepts / (Record no. 5298)

MARC details
000 -LEADER
fixed length control field 00667nam a2200205 ar4500
001 - CONTROL NUMBER
control field 5301
005 - DATE AND TIME OF LATEST TRANSACTION
control field 20221127091127.0
008 - FIXED-LENGTH DATA ELEMENTS--GENERAL INFORMATION
fixed length control field 082921s ||| 00010|eng d
020 ## - INTERNATIONAL STANDARD BOOK NUMBER
International Standard Book Number 9781119800361 (loose Leaf pbk)
Terms of availability SR 930
082 04 - DEWEY DECIMAL CLASSIFICATION NUMBER
Classification number 005.43 Si32 2018
100 1# - MAIN ENTRY--PERSONAL NAME
Personal name Silberschatz, Abraham;
245 10 - TITLE STATEMENT
Title Operating system concepts /
Statement of responsibility, etc. Silberschatz, Abraham; Galvin, Peter B.; Gagne, Greg;
250 ## - EDITION STATEMENT
Edition statement 10th.ed.
260 ## - PUBLICATION, DISTRIBUTION, ETC.
Place of publication, distribution, etc. New Jersy.USA
Name of publisher, distributor, etc. John Wiley
Date of publication, distribution, etc. 2018
300 ## - PHYSICAL DESCRIPTION
Extent 1006.pgs.
Other physical details ill.col.
Dimensions 24.5 cm
500 ## - GENERAL NOTE
General note Include INdex
650 #4 - SUBJECT ADDED ENTRY--TOPICAL TERM
Topical term or geographic name entry element Operating systems (Computers)
650 #4 - SUBJECT ADDED ENTRY--TOPICAL TERM
Topical term or geographic name entry element BLANK AUTHORITY TEXT
700 0# - ADDED ENTRY--PERSONAL NAME
Personal name Galvin, Peter B.; Gagne, Greg; (co.auth.)
Holdings
Withdrawn status Lost status Source of classification or shelving scheme Damaged status Not for loan Home library Current library Date acquired Total Checkouts Full call number Barcode Date last seen Copy number Price effective from Koha item type
              11/27/2022   005.43 Si32 2018 1000000016098 11/27/2022 C2 11/27/2022 Book
          CENTRAL CENTRAL 11/27/2022   005.43 Si32 2018 1000000015375 11/27/2022 C1 11/27/2022 Book